[Event "29th 4NCL Congress"]
[Site "Harrogate"]
[Date "2023.01.20"]
[Round "1"]
[Board "1"]
[White "Bak, Christopher"]
[Black "Arkell, Keith C"]
[Result "1/2-1/2"]
[WhiteElo "2077"]
[BlackElo "2509"]
[PlyCount "102"]
[EventDate "2023.01.20"]
[EventRounds "5"]
[EventCountry "ENG"]

1. c4 c5 2. Nc3 g6 3. g3 Bg7 4. Bg2 Nc6 5. d3 e6 6. e4 Nge7 7. Nge2 a6 8. Be3 Nd4
9. O-O O-O 10. Rb1 Nec6 11. a3 Qe7 12. f4 b5 13. e5 bxc4 14. Nxd4 cxd4 15. Bxd4 Nxd4
16. Bxa8 d5 17. exd6 Qa7 18. Bg2 Nf5+ 19. Kh1 Ne3 20. Qe2 Nxg2 21. Kxg2 Qa8+ 22.
Kf2 Bd4+ 23. Ke1 e5 24. dxc4 Bf5 25. Rd1 Re8 26. Nd5 Qd8 27. Rxd4 exd4 28. Ne7+ Kg7
29. Qe5+ f6 30. Qc5 Qd7 31. Kf2 Bh3 32. Re1 Qb7 33. Qxd4 Qg2+ 34. Ke3 Qxh2 35. Kd3
Rb8 36. b4 Qxg3+ 37. Re3 Qh2 38. Qa7 Kh6 39. Qxb8 Bf1+ 40. Kc3 Qa2 41. Qb6 Qa1+ 42.
Kd2 Bxc4 43. Rh3+ Kg7 44. Nf5+ gxf5 45. Qc7+ Bf7 46. Rg3+ Kh6 47. Qc1 Qd4+ 48. Ke1
Qxd6 49. Qd2 Qc6 50. Qh2+ Bh5 51. Qd2 Bg4  1/2-1/2

[Event "29th 4NCL Congress"]
[Site "Harrogate"]
[Date "2023.01.20"]
[Round "1"]
[Board "2"]
[White "Davies, Nigel R"]
[Black "Thomson, Neil"]
[Result "1-0"]
[WhiteElo "2422"]
[BlackElo "2042"]
[PlyCount "57"]
[EventDate "2023.01.20"]
[EventRounds "5"]
[EventCountry "ENG"]

1. d4 g6 2. Nf3 Bg7 3. c4 Nf6 4. Nc3 O-O 5. e4 d6 6. Be2 Na6 7. O-O e5 8. d5 Nc5
9. Qc2 a5 10. Bg5 h6 11. Be3 b6 12. Nd2 Ng4 13. Bxg4 Bxg4 14. a3 f5 15. f3 Bh5 16.
b4 Nd7 17. c5 f4 18. Bf2 g5 19. Nb5 dxc5 20. bxc5 g4 21. c6 Qg5 22. Kh1 Nf6 23. Nxc7
Rac8 24. Ne6 Qg6 25. Nxf8 Bxf8 26. Bh4 Bc5 27. Bxf6 Qxf6 28. fxg4 Bxg4 29. Nf3  1-0

[Event "29th 4NCL Congress"]
[Site "Harrogate"]
[Date "2023.01.20"]
[Round "1"]
[Board "3"]
[White "Brencher, Paul"]
[Black "Wells, Peter K"]
[Result "0-1"]
[WhiteElo "2033"]
[BlackElo "2402"]
[PlyCount "50"]
[EventDate "2023.01.20"]
[EventRounds "5"]
[EventCountry "ENG"]

1. d4 Nf6 2. Nc3 d5 3. Bf4 c5 4. e3 cxd4 5. exd4 a6 6. Nf3 Nc6 7. Ne5 Bd7 8. Qd2
e6 9. a3 Be7 10. Be2 O-O 11. g4 b5 12. g5 Ne8 13. Nxc6 Bxc6 14. Qe3 Nd6 15. Bd3 Nc4
16. Qh3 g6 17. Qh6 Re8 18. b3 e5 19. dxe5 Qa5 20. bxc4 Qxc3+ 21. Bd2 Qxa1+ 22. Ke2
Qxh1 23. e6 Bf8 24. Qh4 Rxe6+ 25. Be3 dxc4  0-1

[Event "29th 4NCL Congress"]
[Site "Harrogate"]
[Date "2023.01.20"]
[Round "1"]
[Board "4"]
[White "Wall, Tim P"]
[Black "Varley, Joe"]
[Result "1-0"]
[WhiteElo "2337"]
[BlackElo "2024"]
[PlyCount "121"]
[EventDate "2023.01.20"]
[EventRounds "5"]
[EventCountry "ENG"]

1. d4 Nf6 2. Bg5 Ne4 3. h4 h6 4. Bf4 c5 5. d5 Qb6 6. Nd2 Nxd2 7. Bxd2 Qxb2 8. e4
e6 9. Rb1 Qe5 10. Bd3 exd5 11. Nf3 Qe6 12. O-O d4 13. c3 dxc3 14. Bxc3 Be7 15. Bxg7
Rg8 16. Be5 Nc6 17. Bg3 b6 18. Qa4 Bb7 19. Bc4 Qg4 20. Rfd1 Rg7 21. Bd5 Bd8 22. Nh2
Qg6 23. e5 Bc7 24. Be4 Qe6 25. Bd5 Qg6 26. Nf1 O-O-O 27. Ne3 Kb8 28. Be4 Qh5 29.
Bf3 Qg6 30. h5 Qe6 31. Bd5 Qe8 32. Nf5 Rg5 33. Qe4 Rxg3 34. Nxg3 Qxe5 35. Qxe5 Nxe5
36. Nf5 f6 37. Rb3 Bxd5 38. Rxd5 d6 39. f4 Nc4 40. Nxh6 Kb7 41. Nf5 Re8 42. Ng7 Rh8
43. Ne6 Kc6 44. Nxc7 Kxc7 45. g4 Kc6 46. Rf5 Rg8 47. g5 fxg5 48. fxg5 d5 49. g6 d4
50. Rg3 Nd6 51. Rf6 Kd5 52. Rg5+ Kc6 53. h6 d3 54. h7 Re8 55. Rg2 c4 56. g7 c3 57.
g8=Q Re1+ 58. Kh2 d2 59. Qc4+ Kd7 60. Rg7+ Re7 61. Qe6+  1-0

[Event "29th 4NCL Congress"]
[Site "Harrogate"]
[Date "2023.01.20"]
[Round "1"]
[Board "5"]
[White "Siddharth, Gopakumar"]
[Black "Jones, Steven A"]
[Result "0-1"]
[WhiteElo "2018"]
[BlackElo "2291"]
[PlyCount "110"]
[EventDate "2023.01.20"]
[EventRounds "5"]
[EventCountry "ENG"]

1. e4 c5 2. Nf3 Nc6 3. d4 cxd4 4. Nxd4 Nf6 5. Nc3 e5 6. Ndb5 d6 7. Nd5 Nxd5 8. exd5
Nb8 9. c4 Be7 10. Bd3 O-O 11. O-O a6 12. Nc3 f5 13. f3 Nd7 14. Kh1 Kh8 15. a3 a5
16. Rb1 Nc5 17. Bc2 Bf6 18. b4 Na6 19. Nb5 axb4 20. axb4 Nc7 21. Nxc7 Qxc7 22. Bd3
g6 23. Qc2 b6 24. Be3 f4 25. Bg1 Bb7 26. b5 Ra3 27. Rb3 Ra4 28. Qf2 Bd8 29. Qe2 Bc8
30. Rfb1 Bd7 31. Rb4 Ra3 32. R4b3 Ra4 33. Rb4 Ra5 34. Qc2 Kg7 35. Ra4 Qa7 36. Rba1
Rxa4 37. Rxa4 Qb8 38. Qa2 Bc7 39. Ra7 h5 40. Bf2 Kh6 41. Be1 g5 42. Bb4 Qd8 43. Qa3
Rf6 44. Bc2 g4 45. Ra8 Qe7 46. Rh8+ Kg5 47. Qa8 Rf7 48. Qg8+ Rg7 49. Rh7 Rxg8 50.
Rxe7 Rd8 51. Rg7+ Kf6 52. Rg6+ Ke7 53. Rh6 Ra8 54. Rh7+ Kd8 55. Bc3 Ra3  0-1

[Event "29th 4NCL Congress"]
[Site "Harrogate"]
[Date "2023.01.20"]
[Round "1"]
[Board "6"]
[White "Burnett, Andrew"]
[Black "Cast, Julian"]
[Result "1-0"]
[WhiteElo "2247"]
[BlackElo "2015"]
[PlyCount "99"]
[EventDate "2023.01.20"]
[EventRounds "5"]
[EventCountry "ENG"]

1. d4 Nf6 2. Nf3 d6 3. Nc3 Nbd7 4. e4 e5 5. Bc4 Be7 6. O-O c6 7. a4 Qc7 8. Qe2 h6
9. Ba2 Nf8 10. Rd1 g5 11. Qc4 Ne6 12. d5 cxd5 13. exd5 Qxc4 14. Bxc4 Nc7 15. Nxe5
dxe5 16. d6 Be6 17. Bxe6 Nxe6 18. dxe7 Kxe7 19. Be3 Rhd8 20. Rxd8 Kxd8 21. Nb5 Rc8
22. c3 Ke7 23. Rd1 Rc4 24. b3 Rc6 25. Bxa7 Ne4 26. c4 N4c5 27. Bxc5+ Nxc5 28. Rb1
f5 29. Nc3 Nd3 30. Rd1 Nc5 31. b4 Ne6 32. Nd5+ Kf7 33. c5 Nd4 34. f3 Ke6 35. Nb6
f4 36. Re1 Nc2 37. Re4 Ne3 38. a5 h5 39. g3 Rc7 40. Kf2 Kf5 41. gxf4 gxf4 42. Nc4
Nxc4 43. Rxc4 Ke6 44. b5 Kd5 45. Rc1 e4 46. fxe4+ Kxe4 47. b6 Rd7 48. c6 bxc6 49.
a6 Rd2+ 50. Kg1  1-0

[Event "29th 4NCL Congress"]
[Site "Harrogate"]
[Date "2023.01.20"]
[Round "1"]
[Board "7"]
[White "Hilton, Tim"]
[Black "Townsend, M Paul"]
[Result "0-1"]
[WhiteElo "2006"]
[BlackElo "2238"]
[PlyCount "82"]
[EventDate "2023.01.20"]
[EventRounds "5"]
[EventCountry "ENG"]

1. c4 e6 2. g3 Nf6 3. Bg2 d5 4. Nf3 Be7 5. O-O O-O 6. b3 c5 7. Bb2 Nc6 8. e3 d4 9.
exd4 cxd4 10. d3 e5 11. a3 a5 12. Re1 Bd6 13. c5 Bc7 14. Nbd2 Re8 15. Rc1 Bf5 16.
Qc2 Qd7 17. Ng5 h6 18. Nge4 Nxe4 19. Nxe4 Be6 20. Nd2 Rad8 21. Nc4 Bd5 22. Qd2 Bxg2
23. Kxg2 Qd5+ 24. f3 Re6 25. b4 axb4 26. axb4 Ne7 27. Ra1 g5 28. h3 Nf5 29. Qe2 e4
30. fxe4 Qc6 31. g4 Nh4+ 32. Kg1 Bf4 33. Bc1 Qc7 34. Nd6 Bxd6 35. cxd6 Qxd6 36. Qf2
Rf6 37. e5 Rxf2 38. exd6 Rg2+ 39. Kh1 Rxd6 40. Ra7 Rf6 41. Rg1 Rc2  0-1

[Event "29th 4NCL Congress"]
[Site "Harrogate"]
[Date "2023.01.20"]
[Round "1"]
[Board "8"]
[White "Mosnegutu, Klauss"]
[Black "Mesesan, Mircea-Marius"]
[Result "1/2-1/2"]
[WhiteElo "2220"]
[BlackElo "1998"]
[PlyCount "116"]
[EventDate "2023.01.20"]
[EventRounds "5"]
[EventCountry "ENG"]

1. d4 Nf6 2. c4 g6 3. Nc3 Bg7 4. e4 d6 5. f4 O-O 6. Nf3 c5 7. d5 Nbd7 8. Be2 a6 9.
O-O Ne8 10. Bd3 f5 11. exf5 gxf5 12. Ng5 Bd4+ 13. Kh1 Ng7 14. Qe2 Nf6 15. Nf3 Bxc3
16. bxc3 e6 17. dxe6 Bxe6 18. Be3 Qc7 19. Ng5 Bd7 20. Rad1 Rae8 21. Qd2 h6 22. Nf3
Bc6 23. Bf2 Re6 24. Nh4 Ne4 25. Bxe4 Bxe4 26. Rfe1 Qc6 27. Re3 Nh5 28. Rde1 Kf7 29.
Rh3 Rg8 30. Kg1 Bxg2 31. Rg3 Nxg3 32. hxg3 Be4 33. Qd1 Rg4 34. Kh2 h5 35. a4 Qc7
36. Rxe4 fxe4 37. Qd5 Rxh4+ 38. gxh4 Ke7 39. Bg3 Qc6 40. Qxh5 Qxa4 41. Qh7+ Kd8 42.
f5 Qc2+ 43. Kh3 Re7 44. Qg8+ Re8 45. Qg5+ Kc8 46. Qg6 Rd8 47. Qe6+ Kc7 48. f6 Qd3
49. h5 Qf3 50. Kh4 Qh1+ 51. Kg5 Qg2 52. Kh4 Qh1+ 53. Kg5 Qf3 54. Bf4 Qg2+ 55. Kh4
Qh1+ 56. Kg5 Qg2+ 57. Kh4 Qh1+ 58. Kg5 Qg2+  1/2-1/2

[Event "29th 4NCL Congress"]
[Site "Harrogate"]
[Date "2023.01.20"]
[Round "1"]
[Board "9"]
[White "Stokes, Michael"]
[Black "Burrows, Martin P"]
[Result "0-1"]
[WhiteElo "1995"]
[BlackElo "2183"]
[PlyCount "176"]
[EventDate "2023.01.20"]
[EventRounds "5"]
[EventCountry "ENG"]

1. e4 c5 2. d4 cxd4 3. c3 dxc3 4. Nxc3 Nc6 5. Nf3 d6 6. Bc4 a6 7. O-O Nf6 8. Bg5
e6 9. Qe2 Be7 10. Rfd1 Qc7 11. Rac1 O-O 12. a3 Qb8 13. b4 b5 14. Ba2 Bb7 15. Bf4
Ne5 16. Nxe5 dxe5 17. Be3 Rd8 18. f3 Rxd1+ 19. Nxd1 Ne8 20. Nf2 h6 21. Nd3 a5 22.
Bc5 Bg5 23. Rd1 Bc6 24. Qb2 Bf6 25. bxa5 Rxa5 26. Bb4 Ra7 27. Nc5 Bd8 28. Bb3 Bb6
29. Kf1 Nf6 30. Qc3 Be8 31. Rd3 Qc7 32. Qc2 Ra8 33. Rc3 Qa7 34. Nd3 Bd4 35. Rc7 Qb6
36. Be7 Ra7 37. Rxa7 Qxa7 38. Bd6 Qa6 39. Bb4 Qc6 40. Qxc6 Bxc6 41. Bd6 Nd7 42. Nb4
Bb7 43. Bd1 Nb6 44. Be2 Nc4 45. Bxc4 bxc4 46. a4 f5 47. a5 c3 48. Ke2 fxe4 49. a6
exf3+ 50. gxf3 Ba8 51. Bb8 e4 52. fxe4 Bxe4 53. Kd1 Kf7 54. Nc2 Bg1 55. Be5 g5 56.
h3 Bd3 57. Bxc3 Bxa6 58. Ke1 Bc5 59. Be5 Bc4 60. Bg3 Kg6 61. Kd2 Be7 62. Ne3 Ba6
63. Ke1 h5 64. Nc2 h4 65. Bf2 e5 66. Bb6 Bc8 67. Bc7 Bf6 68. Ne3 Bxh3 69. Nd5 Bg7
70. Kf2 Kf7 71. Bd8 Bh6 72. Nc3 Bf5 73. Nd5 Ke6 74. Nb6 e4 75. Nc4 Bg6 76. Ne3 Bh5
77. Nc2 Be8 78. Ne3 Bd7 79. Ng4 Bf8 80. Bxg5 Kf5 81. Bh6 Bd6 82. Ne3+ Kg6 83. Nc4
Bg3+ 84. Ke3 Kxh6 85. Kxe4 Kg5 86. Nd2 Bc6+ 87. Kd3 Kf4 88. Ke2 Bb5+  0-1

[Event "29th 4NCL Congress"]
[Site "Harrogate"]
[Date "2023.01.20"]
[Round "1"]
[Board "10"]
[White "Walker, Martin G"]
[Black "Erskine-Pereira, Jack"]
[Result "1/2-1/2"]
[WhiteElo "2182"]
[BlackElo "1978"]
[PlyCount "73"]
[EventDate "2023.01.20"]
[EventRounds "5"]
[EventCountry "ENG"]

1. e4 e6 2. d4 d5 3. Nd2 c5 4. exd5 Qxd5 5. Ngf3 Nf6 6. Bc4 Qh5 7. O-O Nc6 8. dxc5
Bxc5 9. Nb3 Be7 10. Nbd4 Nxd4 11. Nxd4 a6 12. Qxh5 Nxh5 13. Be2 Nf6 14. Bf3 Bd6 15.
Rd1 O-O 16. Nb3 Be5 17. c3 Rb8 18. Be3 b6 19. Nd4 Bd7 20. Nc6 Bxc6 21. Bxc6 Rfc8
22. Bf3 Bc7 23. g3 Rd8 24. Rxd8+ Rxd8 25. c4 Nd7 26. b4 Kf8 27. c5 bxc5 28. bxc5
Ne5 29. Be2 a5 30. c6 Ke7 31. Bb5 Nf3+ 32. Kg2 Nd4 33. Ba4 e5 34. Rb1 Rb8 35. Rxb8
Bxb8 36. f4 f6 37. fxe5  1/2-1/2

[Event "29th 4NCL Congress"]
[Site "Harrogate"]
[Date "2023.01.20"]
[Round "1"]
[Board "11"]
[White "De Coverly, Roger D"]
[Black "Stubbs, Oliver"]
[Result "0-1"]
[WhiteElo "1971"]
[BlackElo "2179"]
[PlyCount "182"]
[EventDate "2023.01.20"]
[EventRounds "5"]
[EventCountry "ENG"]

1. d4 Nf6 2. c4 g6 3. Nc3 Bg7 4. e4 d6 5. Nf3 O-O 6. Be2 e5 7. d5 a5 8. Bg5 h6 9.
Bh4 Na6 10. Nd2 Bd7 11. a3 Qe8 12. b3 Nh7 13. Rb1 h5 14. f3 Nc5 15. Bf2 Bh6 16. Nb5
Qd8 17. O-O Qg5 18. f4 Qxf4 19. Bxc5 Qxd2 20. Qxd2 Bxd2 21. Bf2 Rac8 22. Rbd1 Bh6
23. c5 Ng5 24. Nc3 f5 25. exf5 Bxf5 26. cxd6 cxd6 27. Nb5 Ne4 28. Bb6 Bd7 29. Rxf8+
Rxf8 30. Bd3 Bxb5 31. Bxe4 a4 32. bxa4 Bxa4 33. Rb1 Kg7 34. Rb4 Bd1 35. Rc4 Rf7 36.
g3 Bg4 37. Kg2 Bg5 38. h4 Bf6 39. a4 g5 40. hxg5 Bxg5 41. Rc7 Rxc7 42. Bxc7 Be7 43.
Kf2 Kf7 44. a5 h4 45. gxh4 Bxh4+ 46. Ke3 Ke7 47. Bd3 Bg5+ 48. Kf2 Bf4 49. Be4 Kd7
50. Bb6 Bd2 51. Bc2 Ke7 52. Be4 Bd1 53. Bd3 Bb3 54. Be4 Kf6 55. Bd8+ Kg7 56. Bc7
Bb4 57. Ke3 Kh6 58. Bd8 Ba3 59. Kd3 Ba2 60. Ke3 Bc1+ 61. Kf3 Bg5 62. Bc7 Be7 63.
Kg4 Kg7 64. Kf5 Kf7 65. Bb6 Bc4 66. Bc7 Bb5 67. Kg4 Bd7+ 68. Kf3 Kf6 69. Bb6 Bf5
70. Bc7 Kg5 71. Bb6 Bxe4+ 72. Kxe4 Kf6 73. Bc7 Bf8 74. Bd8+ Kf7 75. Kf5 Ke8 76. Bg5
Be7 77. Bd2 Kd7 78. Bc3 Bd8 79. Bb4 Bc7 80. Bc3 Bb8 81. Ke4 Ba7 82. Bb4 Bg1 83. Bc3
Bc5 84. Bd2 Kc7 85. Bc3 Kb8 86. Bd2 Ka7 87. Kf5 Ka6 88. Ke6 e4 89. Kf5 e3 90. Be1
Kb5 91. Ke4 Bb4  0-1

[Event "29th 4NCL Congress"]
[Site "Harrogate"]
[Date "2023.01.20"]
[Round "1"]
[Board "12"]
[White "Fava, Lorenzo"]
[Black "Rich, Ben S"]
[Result "1-0"]
[WhiteElo "2177"]
[BlackElo "1962"]
[PlyCount "53"]
[EventDate "2023.01.20"]
[EventRounds "5"]
[EventCountry "ENG"]

1. c4 e5 2. Nc3 Nc6 3. g3 b6 4. Bg2 Bb7 5. e3 Na5 6. Bxb7 Nxb7 7. Nf3 Bd6 8. Ne4
Qe7 9. b3 f5 10. Nxd6+ Nxd6 11. Bb2 Nf7 12. Qc2 Ngh6 13. e4 fxe4 14. Qxe4 O-O 15.
O-O-O c6 16. Rhe1 Ng5 17. Nxg5 Qxg5 18. f4 exf4 19. gxf4 Rxf4 20. Qd3 Rf7 21. Rg1
Qf5 22. Qc3 Ng4 23. h3 Nf2 24. Rxg7+ Kf8 25. Rg8+ Ke7 26. Re1+ Kd6 27. Qg3+  1-0

[Event "29th 4NCL Congress"]
[Site "Harrogate"]
[Date "2023.01.20"]
[Round "1"]
[Board "13"]
[White "Booth, Steven B"]
[Black "Ther, Mate"]
[Result "1-0"]
[WhiteElo "1956"]
[BlackElo "2167"]
[PlyCount "81"]
[EventDate "2023.01.20"]
[EventRounds "5"]
[EventCountry "ENG"]

1. d4 Nf6 2. c4 e6 3. Nf3 d5 4. Nc3 dxc4 5. e4 Bb4 6. Bg5 h6 7. Bh4 g5 8. Nxg5 hxg5
9. Bxg5 Be7 10. Bxc4 Nc6 11. e5 Nd5 12. Bxe7 Ndxe7 13. Ne4 Qxd4 14. Nf6+ Kf8 15.
Qxd4 Nxd4 16. O-O-O Ndc6 17. f4 Nf5 18. Rd3 a6 19. g4 Nfd4 20. Rd2 b6 21. Bd3 Bb7
22. Be4 Ke7 23. h4 Rad8 24. h5 Ba8 25. h6 Na5 26. Bxa8 Ndb3+ 27. axb3 Nxb3+ 28. Kc2
Rxd2+ 29. Kxb3 Rxa8 30. h7 Rh8 31. Rh5 Rd3+ 32. Kc2 Rdd8 33. Rg5 Rdf8 34. Rg7 Kd8
35. g5 a5 36. Rg8 Ke7 37. Rg7 Kd8 38. Kc3 c6 39. Kc4 Kc8 40. Ne4 b5+ 41. Kb3  1-0

[Event "29th 4NCL Congress"]
[Site "Harrogate"]
[Date "2023.01.20"]
[Round "1"]
[Board "14"]
[White "Yu, Hongyi"]
[Black "Garnett, John S"]
[Result "1-0"]
[WhiteElo "2154"]
[BlackElo "1945"]
[PlyCount "103"]
[EventDate "2023.01.20"]
[EventRounds "5"]
[EventCountry "ENG"]

1. e4 d5 2. exd5 Nf6 3. Nc3 Nxd5 4. Nf3 Nxc3 5. bxc3 g6 6. d4 Bg7 7. Rb1 O-O 8. Bc4
c5 9. O-O Nc6 10. Be3 Qc7 11. h3 Bf5 12. Qe2 Rac8 13. d5 Na5 14. Bd3 Bxd3 15. Qxd3
b6 16. c4 Rfd8 17. Qe4 Nb7 18. Bg5 Re8 19. Rfe1 Nd6 20. Qd3 Nf5 21. Re4 Qd7 22. Rbe1
h6 23. Bf4 Qa4 24. g4 Nd4 25. Rxe7 Nxf3+ 26. Qxf3 Rxe7 27. Rxe7 Qxc4 28. Bxh6 Rf8
29. Bxg7 Kxg7 30. Qe4 Qxe4 31. Rxe4 Rd8 32. c4 b5 33. cxb5 Rxd5 34. a4 Rd7 35. g5
f5 36. Rc4 Rc7 37. Kg2 Kf7 38. Kf3 Ke6 39. Kf4 Kd5 40. Rc1 c4 41. Rd1+ Kc5 42. Ke5
Kb4 43. Kf6 c3 44. Kxg6 c2 45. Rc1 Kxa4 46. h4 Kb3 47. h5 Rd7 48. h6 Rd6+ 49. Kg7
Rd7+ 50. Kf6 Kb2 51. Rxc2+ Kxc2 52. g6  1-0

[Event "29th 4NCL Congress"]
[Site "Harrogate"]
[Date "2023.01.20"]
[Round "1"]
[Board "15"]
[White "Gillespie, Gary"]
[Black "Chan, Sheng Liang Bernard"]
[Result "0-1"]
[WhiteElo "1926"]
[BlackElo "2142"]
[PlyCount "66"]
[EventDate "2023.01.20"]
[EventRounds "5"]
[EventCountry "ENG"]

1. d4 Nf6 2. Nf3 d5 3. c4 e6 4. cxd5 exd5 5. Nc3 Be7 6. Bg5 O-O 7. e3 Nbd7 8. h3
Re8 9. Bd3 c6 10. O-O Ne4 11. Bxe7 Qxe7 12. Qc2 f5 13. Rab1 Kh8 14. Na4 g5 15. Nc5
Ndf6 16. Nd2 Rg8 17. Rfe1 b6 18. Ncxe4 fxe4 19. Be2 g4 20. g3 gxh3 21. Rbc1 Bd7 22.
Kh2 Raf8 23. Rf1 h5 24. Qa4 h4 25. Qxa7 hxg3+ 26. fxg3 Qd6 27. Rg1 Ng4+ 28. Bxg4
Rf2+ 29. Kh1 Bxg4 30. Rc2 Qf6 31. Qa4 Bf3+ 32. Nxf3 Qxf3+ 33. Rg2 Qxg2#  0-1

[Event "29th 4NCL Congress"]
[Site "Harrogate"]
[Date "2023.01.20"]
[Round "1"]
[Board "16"]
[White "Southcott-Moyers, Indy"]
[Black "Kumar, Jamie"]
[Result "1/2-1/2"]
[WhiteElo "2139"]
[BlackElo "1902"]
[PlyCount "63"]
[EventDate "2023.01.20"]
[EventRounds "5"]
[EventCountry "ENG"]

1. d4 Nf6 2. c4 b6 3. Nf3 Bb7 4. Nc3 e6 5. g3 Bb4 6. Bd2 O-O 7. Bg2 Be7 8. O-O d5
9. cxd5 Nxd5 10. Ne5 Nxc3 11. Bxc3 Bxg2 12. Kxg2 Qd5+ 13. f3 c5 14. dxc5 Qxd1 15.
Rfxd1 Bxc5 16. e4 f6 17. Nd3 Be7 18. Rac1 Na6 19. Be1 Rfd8 20. Kf1 Kf7 21. Ke2 Rac8
22. Bf2 Rxc1 23. Rxc1 Rd7 24. g4 Rc7 25. Rxc7 Nxc7 26. Ne1 Na6 27. Nc2 e5 28. Kd3
Ke6 29. h3 Kd6 30. Kd2 Kc6 31. b3 Nc7 32. Be3  1/2-1/2

[Event "29th 4NCL Congress"]
[Site "Harrogate"]
[Date "2023.01.20"]
[Round "1"]
[Board "17"]
[White "Pyda, Arjun"]
[Black "Longson, Sarah N"]
[Result "0-1"]
[WhiteElo "1780"]
[BlackElo "2135"]
[PlyCount "62"]
[EventDate "2023.01.20"]
[EventRounds "5"]
[EventCountry "ENG"]

1. e4 e5 2. Nf3 Nc6 3. Bb5 a6 4. Ba4 Nf6 5. d3 b5 6. Bb3 Bc5 7. O-O O-O 8. Nc3 h6
9. a3 d6 10. h3 Ne7 11. d4 exd4 12. Nxd4 Bb7 13. Re1 Re8 14. f3 Bb6 15. Kh1 c5 16.
Nde2 c4 17. Ba2 d5 18. e5 Nh5 19. Nd4 Ng6 20. e6 fxe6 21. Rxe6 Rxe6 22. Nxe6 Ng3+
23. Kh2 Qd6 24. f4 Nf5 25. Nxg7 Kxg7 26. Qg4 Rf8 27. Bd2 Be3 28. Bxe3 Nxe3 29. Qg3
Qxf4 30. Qxf4 Rxf4 31. Kg3 Nf1+  0-1

[Event "29th 4NCL Congress"]
[Site "Harrogate"]
[Date "2023.01.20"]
[Round "1"]
[Board "18"]
[White "Head, Louise"]
[Black "Kryshtafor, Maksym"]
[Result "1-0"]
[WhiteElo "2091"]
[BlackElo "1737"]
[PlyCount "55"]
[EventDate "2023.01.20"]
[EventRounds "5"]
[EventCountry "ENG"]

1. d4 d5 2. c4 e6 3. Nf3 Nf6 4. Nc3 c6 5. cxd5 exd5 6. Bg5 Be7 7. Qc2 O-O 8. e3 Re8
9. Bd3 h6 10. Bh4 Bg4 11. Ne5 Bh5 12. h3 g5 13. g4 gxh4 14. gxh5 Bd6 15. Rg1+ Kf8
16. Ng4 Nxg4 17. Rxg4 Nd7 18. O-O-O Qf6 19. e4 Bf4+ 20. Kb1 Bb8 21. e5 Qf3 22. Be2
Qxh3 23. Qf5 Ke7 24. Bf1 Qh2 25. Rg2 Qh1 26. Rg7 Rf8 27. Bh3 Qh2 28. Qxd7#  1-0

[Event "29th 4NCL Congress"]
[Site "Harrogate"]
[Date "2023.01.20"]
[Round "1"]
[Board "19"]
[White "Srivastava, Aditya"]
[Black "Skettos, Nicolas"]
[Result "0-1"]
[WhiteElo "1599"]
[BlackElo "2083"]
[PlyCount "116"]
[EventDate "2023.01.20"]
[EventRounds "5"]
[EventCountry "ENG"]

1. d4 Nf6 2. Bf4 d5 3. e3 e6 4. Nf3 Bd6 5. Bg3 O-O 6. Nbd2 c5 7. c3 b6 8. Bd3 Ba6
9. Bxa6 Nxa6 10. Qe2 Nb8 11. e4 Be7 12. O-O Nc6 13. Rad1 cxd4 14. cxd4 dxe4 15. Nxe4
Nb4 16. a3 Nxe4 17. Qxe4 Qd5 18. Qxd5 Nxd5 19. Rc1 Bf6 20. Rc4 Rfd8 21. Rfc1 Kf8
22. Kf1 Ke7 23. Ke2 Kd7 24. Kd3 a6 25. Rc6 Rdc8 26. Rxc8 Rxc8 27. Rxc8 Kxc8 28. Kc4
Kd7 29. a4 Kc6 30. Nd2 b5+ 31. axb5+ axb5+ 32. Kd3 Nb4+ 33. Ke4 Nc2 34. Be5 Bxe5
35. dxe5 Kc5 36. g3 Kb4 37. Kd3 Na1 38. f4 Nb3 39. Nb1 Nc5+ 40. Kd4 Na4 41. Nc3 Nxb2
42. f5 exf5 43. Nd5+ Ka3 44. Kc5 Nd3+ 45. Kd4 Nb4 46. Nc3 Nc2+ 47. Kd3 Ne1+ 48. Ke2
b4 49. Nb5+ Ka4 50. Nd4 b3 51. Nxb3 Kxb3 52. Kxe1 Kc3 53. Ke2 Kd4 54. Kf3 Kxe5 55.
Ke3 g5 56. h3 h5 57. h4 gxh4 58. gxh4 f4+  0-1

[Event "29th 4NCL Congress"]
[Site "Harrogate"]
[Date "2023.01.21"]
[Round "2"]
[Board "1"]
[White "Chan, Sheng Liang Bernard"]
[Black "Davies, Nigel R"]
[Result "0-1"]
[WhiteElo "2142"]
[BlackElo "2422"]
[PlyCount "62"]
[EventDate "2023.01.20"]
[EventRounds "5"]
[EventCountry "ENG"]

1. d4 d6 2. e4 Nf6 3. Nc3 g6 4. Nf3 Bg7 5. Bc4 O-O 6. O-O Bg4 7. Be3 Nc6 8. h3 Bxf3
9. Qxf3 e5 10. dxe5 Nxe5 11. Qe2 Nxc4 12. Qxc4 Re8 13. Bd4 Qd7 14. Bxf6 Bxf6 15.
Nd5 Bd8 16. Rfe1 c6 17. Nf4 Bb6 18. Rad1 Rad8 19. Rd3 Qe7 20. Qc3 Qg5 21. g3 Re5
22. Kg2 Qe7 23. f3 f5 24. Qb4 Ba5 25. Qb3+ d5 26. Red1 fxe4 27. fxe4 Rxe4 28. Rxd5
cxd5 29. Rxd5 Re2+ 30. Kf1 Re1+ 31. Kf2 Bb6+  0-1

[Event "29th 4NCL Congress"]
[Site "Harrogate"]
[Date "2023.01.21"]
[Round "2"]
[Board "2"]
[White "Wells, Peter K"]
[Black "Fava, Lorenzo"]
[Result "1-0"]
[WhiteElo "2402"]
[BlackElo "2177"]
[PlyCount "69"]
[EventDate "2023.01.20"]
[EventRounds "5"]
[EventCountry "ENG"]

1. Nf3 g6 2. d4 Bg7 3. c4 d6 4. Nc3 Nc6 5. d5 Ne5 6. Nxe5 Bxe5 7. e4 Nf6 8. Bd3 O-O
9. h3 Bxc3+ 10. bxc3 Nd7 11. h4 e5 12. dxe6 fxe6 13. Bg5 Qe8 14. h5 Qf7 15. f4 Qg7
16. hxg6 Qxc3+ 17. Ke2 Nc5 18. e5 dxe5 19. Rc1 Qd4 20. gxh7+ Kh8 21. Bg6 Qxd1+ 22.
Rcxd1 Bd7 23. fxe5 Ba4 24. Rdf1 Nd7 25. Be7 Rxf1 26. Rxf1 Kg7 27. Be4 Bc6 28. Bf6+
Nxf6 29. exf6+ Kh8 30. Bxc6 bxc6 31. Rh1 Rf8 32. Rh6 Rb8 33. g4 Rb2+ 34. Ke3 Rb1
35. g5  1-0

[Event "29th 4NCL Congress"]
[Site "Harrogate"]
[Date "2023.01.21"]
[Round "2"]
[Board "3"]
[White "Longson, Sarah N"]
[Black "Wall, Tim P"]
[Result "1/2-1/2"]
[WhiteElo "2135"]
[BlackElo "2337"]
[PlyCount "70"]
[EventDate "2023.01.20"]
[EventRounds "5"]
[EventCountry "ENG"]

1. e4 c5 2. Nc3 Nc6 3. Bb5 Nd4 4. Nf3 a6 5. Bd3 Nc6 6. O-O d6 7. Re1 Nf6 8. Nd5 g6
9. Nxf6+ exf6 10. Be2 Bg7 11. d4 O-O 12. Be3 b6 13. c3 f5 14. Bd3 fxe4 15. Bxe4 d5
16. Bc2 c4 17. b3 b5 18. bxc4 bxc4 19. Qd2 Ne7 20. Rab1 Bf5 21. Rb7 Bxc2 22. Qxc2
Nf5 23. Bf4 Re8 24. Reb1 Bf6 25. Qa4 Nh4 26. Nxh4 Bxh4 27. g3 Bf6 28. Rd7 Qc8 29.
Rbb7 Re1+ 30. Kg2 Qe8 31. Qc2 Re2 32. Qb1 Re1 33. Qc2 Re2 34. Qb1 Re1 35. Qc2 Re2
 1/2-1/2

[Event "29th 4NCL Congress"]
[Site "Harrogate"]
[Date "2023.01.21"]
[Round "2"]
[Board "4"]
[White "Jones, Steven A"]
[Black "Yu, Hongyi"]
[Result "1-0"]
[WhiteElo "2291"]
[BlackElo "2154"]
[PlyCount "65"]
[EventDate "2023.01.20"]
[EventRounds "5"]
[EventCountry "ENG"]

1. e4 d6 2. d4 Nf6 3. Nc3 g6 4. f4 Bg7 5. Nf3 O-O 6. Be3 Na6 7. Qd2 c5 8. Bxa6 cxd4
9. Bxd4 bxa6 10. O-O Bb7 11. Rfe1 Qc7 12. Kh1 Bc6 13. Nd5 Qb7 14. c4 Rfe8 15. b3
Rad8 16. Rad1 Bxd5 17. exd5 Nd7 18. Bxg7 Kxg7 19. Nd4 Nf6 20. Re3 Qd7 21. Rde1 Kf8
22. f5 Ng8 23. Rf1 Kg7 24. Rh3 Rf8 25. Qg5 h6 26. Qc1 g5 27. f6+ exf6 28. Nf5+ Kh8
29. Qc3 Kh7 30. Qd3 Kg6 31. Nxh6+ f5 32. Nxf5 Rb8 33. Ne7+  1-0

[Event "29th 4NCL Congress"]
[Site "Harrogate"]
[Date "2023.01.21"]
[Round "2"]
[Board "5"]
[White "Skettos, Nicolas"]
[Black "Burnett, Andrew"]
[Result "0-1"]
[WhiteElo "2083"]
[BlackElo "2247"]
[PlyCount "78"]
[EventDate "2023.01.20"]
[EventRounds "5"]
[EventCountry "ENG"]

1. e4 c5 2. Nf3 d6 3. d4 cxd4 4. Nxd4 Nf6 5. Nc3 g6 6. Be2 Bg7 7. Nb3 Nc6 8. O-O
O-O 9. Re1 b6 10. Bf1 Bb7 11. Nd5 Nxd5 12. exd5 Nb4 13. c4 b5 14. Bg5 Re8 15. c5
dxc5 16. Bxb5 Qd6 17. Bxe8 Rxe8 18. Be3 Rc8 19. Rc1 c4 20. Na5 Qxd5 21. Nxb7 Qxb7
22. Rb1 Nd3 23. Re2 Qd5 24. Rd2 Rd8 25. a3 e5 26. Bxa7 f5 27. f3 Bh6 28. Rc2 Qa5
29. Qe2 Qxa7+ 30. Kh1 Qd4 31. h3 e4 32. fxe4 fxe4 33. Kh2 Rf8 34. Rf1 Rxf1 35. Qxf1
Nxb2 36. Qb1 Bf4+ 37. g3 Be5 38. Re2 Qd3 39. Qe1 Bxg3+  0-1